Bartolomé José Gallardo (Record no. 42551)

MARC details
000 -LEADER
campo de control de longitud fija 00850nam a2200253 i 4500
001 - NÚMERO DE CONTROL
campo de control 42551
003 - IDENTIFICADOR DE NÚMERO DE CONTROL
campo de control ES-MaACL
005 - FECHA Y HORA DE LA ÚLTIMA TRANSACCIÓN
campo de control 20250925165618.0
007 - CAMPO FIJO DE DESCRIPCIÓN FÍSICA--INFORMACIÓN GENERAL
campo de control de longitud fija t|
008 - DATOS DE LONGITUD FIJA--INFORMACIÓN GENERAL
campo de control de longitud fija 030407s1999 sp ||||1| spa d
020 ## - NÚMERO INTERNACIONAL ESTÁNDAR DEL LIBRO
Número Internacional Estándar del Libro 84-7671-515-3
080 ## - NÚMERO DE LA CLASIFICACIÓN DECIMAL UNIVERSAL
Número de la Clasificación Decimal Universal 929 Gallardo, José Bartolomé
080 ## - NÚMERO DE LA CLASIFICACIÓN DECIMAL UNIVERSAL
Número de la Clasificación Decimal Universal 821.134.2 Gallardo, Bartolomé José 1.06
100 1# - ENTRADA PRINCIPAL--NOMBRE DE PERSONA
Nombre de persona Pérez Vidal, Alejandro.
9 (RLIN) 91202
245 10 - MENCIÓN DEL TÍTULO
Título Bartolomé José Gallardo
Resto del título : sátira, pensamiento y política /
Mención de responsabilidad, etc. Alejandro Pérez Vidal.
260 ## - PUBLICACIÓN, DISTRIBUCIÓN, ETC.
Lugar de publicación, distribución, etc. Mérida :
Nombre del editor, distribuidor, etc. Editora Regional de Extremadura,
Fecha de publicación, distribución, etc. [1999]
300 ## - DESCRIPCIÓN FÍSICA
Extensión 400 p. ;
Dimensiones 24 cm.
490 1# - MENCIÓN DE SERIE
Mención de serie Colección estudio ;
Designación de volumen o secuencia 12
600 14 - PUNTO DE ACCESO ADICIONAL DE MATERIA--NOMBRE DE PERSONA
Nombre de persona Gallardo, Bartolomé José,
Fechas asociadas al nombre 1776-1852
9 (RLIN) 53478
830 0# - PUNTO DE ACCESO ADICIONAL DE SERIE-TÍTULO UNIFORME
Título uniforme Colección estudio ;
Designación de volumen o secuencia 12
9 (RLIN) 181942
852 ## - LOCALIZACIÓN
Ubicación ES-MaACL
Número de control de estantería L-26150
Sublocalización o colección R.131797
852 ## - LOCALIZACIÓN
Ubicación ES-MaACL
Número de control de estantería L-24310
Holdings
Estatus retirado Estado de pérdida Estado de daño No para préstamo Biblioteca de origen Biblioteca actual Ubicación en estantería Fecha de adquisición Fuente de adquisición Total de préstamos Signatura topográfica completa Código de barras Visto por última vez Precio de reemplazo Tipo de ítem Koha
        Biblioteca del Ateneo de Madrid Biblioteca del Ateneo de Madrid Depósito 2 04/06/2013     L-24310 1191355 23/02/2023 23/02/2023 Libro impreso
        Biblioteca del Ateneo de Madrid Biblioteca del Ateneo de Madrid Depósito 2 17/01/2008     L-26150 1044793 23/02/2023 23/02/2023 Libro impreso